000 00585cam a22002053a 4500
001 35485
003 PGUSA
005 20140828083750.0
008 110304s2011||||xxu|||||s|||||000 | eng d
040 _aPGUSA
_beng
042 _adc
100 1 _aBraddon, M. E.
_q(Mary Elizabeth),
_d1835-1915
245 1 4 _aThe Doctor's Wife
_h[electronic resource] /
_cM. E. Braddon
260 _bProject Gutenberg,
_c2011
506 _aPublic domain in the USA.
516 _aElectronic text
830 0 _aProject Gutenberg
_v35485
856 4 0 _uhttp://www.gutenberg.org/ebooks/35485
942 _cEB
999 _c264740
_d264740